[Event "BL 8081 Bamberg-HSK"]
[Site "?"]
[Date "1981.??.??"]
[Round "?.3"]
[White "Treppner, G."]
[Black "Cordes, H."]
[Result "1/2-1/2"]
[WhiteElo "2280"]
[BlackElo "2245"]
[PlyCount "42"]
[EventDate "1981.??.??"]

1. Nf3 Nf6 2. c4 e6 3. Nc3 d5 4. cxd5 exd5 5. d4 Bf5 6. Bg5 c6 7. e3 Qb6 8. Qc1
Nbd7 9. Be2 Bd6 10. O-O Qc7 11. Bf4 Rc8 12. Nh4 Bg6 13. Nxg6 hxg6 14. Bd3 O-O
15. Qd2 Rfe8 16. Bxd6 Qxd6 17. Rac1 b6 18. Bb1 Nf8 19. Rfd1 Ne6 20. h3 g5 21.
e4 dxe4 1/2-1/2

[Event "BL 8081 Bamberg-HSK"]
[Site "?"]
[Date "1981.??.??"]
[Round "?.4"]
[White "Pokern, N."]
[Black "Hartmann, Wo"]
[Result "0-1"]
[WhiteElo "2270"]
[BlackElo "2240"]
[PlyCount "73"]
[EventDate "1981.??.??"]

1. d4 Nf6 2. Nf3 e6 3. b3 b6 4. e3 Bb7 5. Bd3 Ne4 6. O-O f5 7. Bb2 Bd6 8. Ne5
Bxe5 9. dxe5 Qe7 10. Nd2 Nc5 11. Be2 Nc6 12. a4 a5 13. f4 O-O-O 14. Bf3 g5 15.
Nc4 g4 16. Be2 Ne4 17. Bd3 g3 18. Bxe4 gxh2+ 19. Kh1 fxe4 20. Ba3 Qh4 21. Qe2
Rdg8 22. f5 exf5 23. Rxf5 Nd8 24. Raf1 Ne6 25. Rh5 Qg3 26. Rh3 Qg7 27. Rxh2 h5
28. Rf6 h4 29. Qf2 Ng5 30. Qf1 h3 31. g3 Nf3 32. Qf2 Bd5 33. Rxf3 exf3 34. Bb2
Qxg3 35. e4 Qg2+ 36. Qxg2 hxg2+ 37. Kg1 0-1

[Event "BL 8081 Bayern-FH Hamburg"]
[Site "?"]
[Date "1981.??.??"]
[Round "?.1"]
[White "Westermeier, A."]
[Black "Wockenfuss, K."]
[Result "1-0"]
[WhiteElo "2305"]
[BlackElo "2380"]
[PlyCount "75"]
[EventDate "1981.??.??"]

1. e4 c5 2. Nf3 e6 3. d4 cxd4 4. Nxd4 Nf6 5. Nc3 d6 6. f4 a6 7. Be3 Be7 8. Be2
Qc7 9. Qd2 Nbd7 10. O-O-O O-O 11. Bf3 Nb6 12. g4 Nc4 13. Qd3 e5 14. Nf5 Bxf5
15. exf5 d5 16. Bxd5 Nxe3 17. Qxe3 exf4 18. Qf3 Rac8 19. Bb3 Bb4 20. Ne2 Rfe8
21. Nxf4 Ne4 22. Nd5 Qa5 23. Nxb4 Qxb4 24. a3 Qe7 25. Kb1 Rcd8 26. Ka2 Nd2 27.
Qc3 Nxb3 28. cxb3 Rc8 29. Rhe1 Qf6 30. Rxe8+ Rxe8 31. Qxf6 gxf6 32. Rd7 b5 33.
Ra7 Re4 34. h3 Re3 35. Rxa6 b4 36. axb4 Rxh3 37. b5 Kg7 38. b6 1-0

[Event "BL 8081 Bayern-FH Hamburg"]
[Site "?"]
[Date "1981.??.??"]
[Round "?.2"]
[White "Dankert, P."]
[Black "Saacke, B."]
[Result "0-1"]
[WhiteElo "2365"]
[BlackElo "2355"]
[PlyCount "83"]
[EventDate "1981.??.??"]

1. d4 d5 2. c4 e6 3. Nc3 Be7 4. Nf3 Nf6 5. g3 O-O 6. Bg2 Nbd7 7. O-O dxc4 8. e4
c5 9. d5 exd5 10. e5 Ng4 11. Qxd5 Nb6 12. Qe4 Qd3 13. Qe1 Qg6 14. h3 Nh6 15. a4
Be6 16. a5 Nd5 17. Nh4 Bxh4 18. Nxd5 Bxd5 19. Bxd5 Rae8 20. Bxb7 Nf5 21. Bf4
Bg5 22. Qe4 Bxf4 23. Qxf4 Nd4 24. Kh2 Re7 25. Bg2 Rfe8 26. Rae1 Qc2 27. Qh4 h6
28. Be4 Qd2 29. Bd5 Qxa5 30. Qf4 c3 31. bxc3 Qxc3 32. Re3 Qb2 33. g4 Qb5 34.
Kg2 Qd7 35. Bc4 Qc6+ 36. f3 Rb8 37. Rf2 Rb4 38. Rc3 Qc7 39. h4 Kf8 40. Ra2 a5
41. Qe4 g6 42. Qf4 {ZÜ?} 0-1

[Event "BL 8081 Bayern-FH Hamburg"]
[Site "?"]
[Date "1981.??.??"]
[Round "?.3"]
[White "Klundt, K."]
[Black "Rosin, W."]
[Result "1-0"]
[WhiteElo "2405"]
[BlackElo "2265"]
[PlyCount "96"]
[EventDate "1981.??.??"]

1. e4 d6 2. d4 Nf6 3. Nc3 g6 4. Nf3 Bg7 5. Be2 O-O 6. O-O c6 7. h3 b5 8. e5 Ne8
9. Bf4 Nd7 10. Qd2 Nb6 11. Rfe1 a5 12. Bd3 Be6 13. Bh6 dxe5 14. dxe5 Nc4 15.
Qc1 Qc7 16. Bxg7 Kxg7 17. b3 Nb6 18. Nd4 Qd7 19. Qe3 Rb8 20. Rad1 Nc7 21. Ne4
Nbd5 22. Qg3 b4 23. Ng5 Qe8 24. Re4 Nc3 25. Rh4 Rh8 26. Re1 Rd8 27. Qf4 Rxd4
28. Qxd4 h6 29. Nxe6+ Nxe6 30. Qb6 g5 31. Rc4 c5 32. Qxa5 Qc6 33. Qxb4 Nf4 34.
Bf1 cxb4 35. Rxc6 Ra8 36. a4 e6 37. g3 Nfd5 38. Bc4 Ra5 39. Kg2 h5 40. Kf3 Kg6
41. Bd3+ Kg7 42. Be4 Ra8 43. Rxc3 bxc3 44. Bxd5 exd5 45. Rd1 Ra5 46. Ke3 Kg6
47. Kd4 Kf5 48. Rd3 g4 1-0

[Event "BL 8081 Bayern-FH Hamburg"]
[Site "?"]
[Date "1981.??.??"]
[Round "?.4"]
[White "Clemens, C."]
[Black "Kindermann, S."]
[Result "1-0"]
[WhiteElo "2390"]
[BlackElo "2455"]
[PlyCount "101"]
[EventDate "1981.??.??"]

1. g3 g6 2. Bg2 Bg7 3. d4 Nf6 4. e4 d6 5. Ne2 O-O 6. Nbc3 Nbd7 7. O-O c5 8. h3
a6 9. a4 Qc7 10. dxc5 Nxc5 11. Be3 Rb8 12. a5 b6 13. axb6 Rxb6 14. e5 dxe5 15.
Bxc5 Qxc5 16. Na4 Qc7 17. Nxb6 Qxb6 18. Qd2 Bf5 19. Rfd1 h5 20. Ra2 Rc8 21. Nc3
Qb4 22. Qe2 Be6 23. Qxa6 Rb8 24. Ra4 Qc5 25. Ra5 Qc7 26. Rb5 Rc8 27. Qb6 Qxb6
28. Rxb6 Bf5 29. Rd2 Rc4 30. Kh2 Rd4 31. Re2 e6 32. b3 Nd5 33. Rb8+ Kh7 34. Nb5
Rb4 35. Rb7 e4 36. Nd6 Rxb7 37. Nxb7 Nc3 38. Rd2 g5 39. Nd6 Bg6 40. b4 Be5 41.
Nc4 Bc7 42. Rd7 Nd5 43. b5 h4 44. b6 hxg3+ 45. fxg3 Bxb6 46. Rxd5 exd5 47. Nxb6
d4 48. Kg1 e3 49. Kf1 Bxc2 50. Ke2 Bg6 51. Nd7 1-0

[Event "BL 8081 Bayern-FH Hamburg"]
[Site "?"]
[Date "1981.??.??"]
[Round "?.5"]
[White "Schubert, C."]
[Black "Fries Nielsen, J."]
[Result "1/2-1/2"]
[WhiteElo "2245"]
[BlackElo "2320"]
[PlyCount "48"]
[EventDate "1981.??.??"]

1. d4 d6 2. c4 Nf6 3. Nc3 Nbd7 4. Nf3 e5 5. Bg5 Be7 6. e3 O-O 7. Be2 c6 8. O-O
Ng4 9. Bxe7 Qxe7 10. h3 Nh6 11. Qc2 f5 12. dxe5 dxe5 13. Rad1 Nf6 14. a3 Nf7
15. Rfe1 g5 16. Nh2 Kh8 17. b4 Be6 18. Qb2 Rg8 19. c5 Rg6 20. e4 f4 21. Ng4 Nd7
22. Nh2 Nf6 23. Ng4 Nd7 24. Nh2 Nf6 1/2-1/2

[Event "BL 8081 HSK-Bayern"]
[Site "?"]
[Date "1981.??.??"]
[Round "?.1"]
[White "Chandler, M."]
[Black "Westermeier, A."]
[Result "1/2-1/2"]
[WhiteElo "2455"]
[BlackElo "2305"]
[PlyCount "47"]
[EventDate "1981.??.??"]

1. d4 Nf6 2. c4 e6 3. Nf3 d5 4. Nc3 Be7 5. Bg5 Nbd7 6. e3 O-O 7. Rc1 c6 8. Bd3
a6 9. cxd5 exd5 10. Qc2 Re8 11. O-O Nf8 12. Ne5 Ng4 13. Bxe7 Qxe7 14. Nf3 Nf6
15. Na4 Ne4 16. Ne5 f6 17. Bxe4 fxe5 18. Nb6 Rb8 19. Nxc8 Rbxc8 20. Bf5 Rcd8
21. dxe5 Qxe5 22. Rfd1 Rd6 23. g3 Rf6 24. Bh3 1/2-1/2

[Event "BL 8081 HSK-Bayern"]
[Site "?"]
[Date "1981.??.??"]
[Round "?.2"]
[White "Saacke, B."]
[Black "Kunsztowicz, U."]
[Result "1/2-1/2"]
[WhiteElo "2355"]
[BlackElo "2460"]
[PlyCount "48"]
[EventDate "1981.??.??"]

1. d4 Nf6 2. Nf3 g6 3. g3 Bg7 4. Bg2 O-O 5. O-O d6 6. b3 Ne4 7. Bb2 Nc6 8. Nbd2
f5 9. e3 e5 10. d5 Nxd2 11. dxc6 Nxf3+ 12. Bxf3 b6 13. Bd5+ Kh8 14. f4 Qe7 15.
Qd2 Be6 16. c4 Bxd5 17. cxd5 exf4 18. exf4 Bxb2 19. Qxb2+ Qg7 20. Qxg7+ Kxg7
21. Rfe1 Rfe8 22. Kf2 Kf7 23. Kf3 Rxe1 24. Rxe1 Re8 1/2-1/2

[Event "BL 8081 HSK-Bayern"]
[Site "?"]
[Date "1981.??.??"]
[Round "?.3"]
[White "Cordes, H."]
[Black "Klundt, K."]
[Result "1/2-1/2"]
[WhiteElo "2245"]
[BlackElo "2405"]
[PlyCount "36"]
[EventDate "1981.??.??"]

1. d4 g6 2. c4 Bg7 3. Nc3 d6 4. e4 Nc6 5. Be3 e5 6. d5 Nce7 7. Qd2 f5 8. f3 Nf6
9. Bd3 O-O 10. Nge2 c5 11. dxc6 bxc6 12. O-O Be6 13. Rac1 fxe4 14. Nxe4 Nf5 15.
Nxf6+ Bxf6 16. Bxf5 gxf5 17. f4 Rf7 18. b4 a6 1/2-1/2

[Event "BL 8081 HSK-Bayern"]
[Site "?"]
[Date "1981.??.??"]
[Round "?.5"]
[White "Zieher, H."]
[Black "Schubert, C."]
[Result "1-0"]
[WhiteElo "2230"]
[BlackElo "2245"]
[PlyCount "85"]
[EventDate "1981.??.??"]

1. e4 c5 2. Nf3 d6 3. d4 cxd4 4. Nxd4 Nf6 5. Nc3 a6 6. Be3 e5 7. Nf3 Qc7 8. a4
b6 9. Nd5 Nxd5 10. Qxd5 Nc6 11. Ng5 Rb8 12. Bc4 Nd8 13. Qd3 h6 14. Nf3 Qb7 15.
O-O Be7 16. Ra3 O-O 17. Rb3 Qc6 18. Ra1 Ne6 19. Bxa6 Bxa6 20. Qxa6 Qxc2 21.
Rxb6 Rbc8 22. h3 Qxe4 23. Qb7 Qxb7 24. Rxb7 Rc7 25. Rxc7 Nxc7 26. b4 Ra8 27. a5
f5 28. Rc1 Nb5 29. Rc6 f4 30. Bd2 e4 31. Rb6 Na3 32. Nd4 Nc4 33. Rb7 Bf6 34.
Bc3 e3 35. fxe3 fxe3 36. Ne2 d5 37. Bxf6 gxf6 38. g4 Ra6 39. Rd7 Ne5 40. Rxd5
Kf7 41. Nd4 Ke7 42. Nf5+ Ke6 43. Nxe3 1-0

[Event "BL 8081 FH Hamburg-Bamberg"]
[Site "?"]
[Date "1981.??.??"]
[Round "?.1"]
[White "Wockenfuss, K."]
[Black "Pfleger, He"]
[Result "1-0"]
[WhiteElo "2380"]
[BlackElo "2505"]
[PlyCount "100"]
[EventDate "1981.??.??"]

1. e4 d6 2. d4 Nf6 3. Nc3 g6 4. f4 Bg7 5. Nf3 O-O 6. Bd3 Nbd7 7. e5 Ne8 8. Qe2
c5 9. d5 Nb6 10. e6 fxe6 11. dxe6 d5 12. f5 c4 13. fxg6 cxd3 14. gxh7+ Kh8 15.
cxd3 Rxf3 16. Qxf3 Bxe6 17. O-O Nf6 18. Bf4 Nbd7 19. Rae1 Nf8 20. Be5 Qd7 21.
Qe3 Bf7 22. Ne2 a6 23. Nd4 Bg6 24. Rc1 Rc8 25. Rxc8 Qxc8 26. Rc1 Qe8 27. b3
Bxh7 28. Qh3 N8d7 29. Rc7 Qg8 30. Nf3 e6 31. Bxf6 Nxf6 32. Ne5 Qe8 33. Rc8 Qxc8
34. Ng6+ Kg8 35. Ne7+ Kf7 36. Nxc8 Bf8 37. d4 Bb4 38. Nb6 Bf5 39. Qe3 Ne4 40.
Nd7 Bd2 41. Qf3 Bc3 42. Qe3 Bd2 43. Qe2 Ke7 44. Nc5 Bc3 45. Nxe4 Bxe4 46. Qe3
Bb2 47. h4 e5 48. Qg5+ Kd7 49. dxe5 Bd4+ 50. Kh2 Bc5 1-0

[Event "BL 8081 FH Hamburg-Bamberg"]
[Site "?"]
[Date "1981.??.??"]
[Round "?.2"]
[White "Kestler, H."]
[Black "Dankert, P."]
[Result "1-0"]
[WhiteElo "2385"]
[BlackElo "2365"]
[PlyCount "100"]
[EventDate "1981.??.??"]

1. c4 e5 2. Nc3 Nf6 3. Nf3 Nc6 4. g3 Bb4 5. Nd5 Bc5 6. Bg2 d6 7. O-O h6 8. e3
Nxd5 9. cxd5 Ne7 10. d4 exd4 11. b4 Bb6 12. Nxd4 O-O 13. Bb2 Re8 14. Qd3 a5 15.
a3 Ng6 16. Ne6 Bxe6 17. dxe6 Rxe6 18. Bxb7 Ra7 19. Bd5 Ne5 20. Qc3 Rg6 21. Qc2
c6 22. Be4 Re6 23. Bxc6 Rc7 24. Bxe5 dxe5 25. b5 e4 26. Rad1 Qe7 27. a4 h5 28.
Rd5 g6 29. Rfd1 Qf6 30. Qe2 Kg7 31. Kg2 Rce7 32. Rd7 h4 33. Rxe7 Rxe7 34. Bd7
Re5 35. Rc1 Rd5 36. Bc6 Re5 37. Bb7 hxg3 38. hxg3 Re7 39. Ba8 Qe5 40. Rc6 Re8
41. Rxb6 Rxa8 42. Ra6 Rd8 43. Qg4 Rd5 44. Ra8 Qa1 45. Qxe4 Rd1 46. Re8 Rg1+ 47.
Kh2 Rf1 48. Kg2 Rg1+ 49. Kf3 Qd1+ 50. Kf4 Qd6+ 1-0

[Event "BL 8081 FH Hamburg-Bamberg"]
[Site "?"]
[Date "1981.??.??"]
[Round "?.3"]
[White "Rosin, W."]
[Black "Treppner, G."]
[Result "1/2-1/2"]
[WhiteElo "2265"]
[BlackElo "2280"]
[PlyCount "92"]
[EventDate "1981.??.??"]

1. d4 d6 2. Nf3 g6 3. Nbd2 Bg7 4. c3 Nf6 5. e4 O-O 6. Be2 c5 7. O-O cxd4 8.
cxd4 Nc6 9. b3 d5 10. e5 Nh5 11. Re1 Nf4 12. Nf1 Nxe2+ 13. Qxe2 Bg4 14. Be3 f6
15. exf6 Bxf6 16. Rad1 e5 17. dxe5 Nxe5 18. Bf4 Nxf3+ 19. gxf3 Bh3 20. Qb5 Bg7
21. Bg3 d4 22. Qxb7 Re8 23. Nd2 Qf6 24. Nc4 h5 25. Re4 Rad8 26. Bh4 g5 27.
Rxe8+ Rxe8 28. Qd5+ Qe6 29. Qxe6+ Rxe6 30. Bxg5 Re2 31. Nd2 d3 32. Ne4 Bd4 33.
a4 Rb2 34. Bf6 Bxf6 35. Nxf6+ Kf7 36. Nxh5 d2 37. Nf4 Rc2 38. Nd5 Rc1 39. Ne3
Bf5 40. Kg2 Rxd1 41. Nxd1 Bc2 42. Ne3 a5 43. f4 Bxb3 44. Kf3 d1=Q+ 45. Nxd1
Bxd1+ 46. Ke3 Bxa4 1/2-1/2

[Event "BL 8081 FH Hamburg-Bamberg"]
[Site "?"]
[Date "1981.??.??"]
[Round "?.4"]
[White "Hartmann, Wo"]
[Black "Clemens, C."]
[Result "1-0"]
[WhiteElo "2240"]
[BlackElo "2390"]
[PlyCount "101"]
[EventDate "1981.??.??"]

1. e4 d5 2. exd5 Nf6 3. d4 Nxd5 4. Nf3 Bg4 5. Be2 e6 6. O-O Be7 7. Nbd2 O-O 8.
Ne4 Nf6 9. h3 Bxf3 10. Bxf3 Nxe4 11. Bxe4 c6 12. Qd3 g6 13. Rd1 Nd7 14. Be3 Nf6
15. Bf3 Qc7 16. c4 Rad8 17. Qb3 Rd7 18. Rac1 Qa5 19. Bd2 Qa6 20. Bc3 Rb8 21. a4
Qb6 22. Qc2 Rbd8 23. b3 Ne8 24. a5 Qc7 25. Qe4 Bf6 26. a6 Nd6 27. Qf4 Nf5 28.
Qxc7 Rxc7 29. axb7 Rxb7 30. d5 Bxc3 31. dxc6 Rxd1+ 32. Bxd1 Rc7 33. Rxc3 Rxc6
34. b4 Kf8 35. c5 Nd4 36. Kh2 Ke7 37. f4 f6 38. Ba4 Rc8 39. g4 h6 40. Rc4 e5
41. fxe5 fxe5 42. Rc1 Ke6 43. Bc2 Nxc2 44. Rxc2 e4 45. Kg3 Ke5 46. Kf2 Rb8 47.
c6 Rc8 48. b5 Kd6 49. Ke3 Kc7 50. Kxe4 Kb6 51. Ke5 1-0

[Event "BL 8081 Frankfurt-Bochum"]
[Site "?"]
[Date "1981.??.??"]
[Round "?.1"]
[White "Hess, R."]
[Black "Borik, O."]
[Result "1/2-1/2"]
[WhiteElo "2425"]
[BlackElo "2390"]
[PlyCount "61"]
[EventDate "1981.??.??"]

1. c4 Nf6 2. Nc3 g6 3. e4 d6 4. d4 Bg7 5. f3 O-O 6. Nge2 Nc6 7. Bg5 a6 8. Qd2
Re8 9. Rd1 Rb8 10. d5 Ne5 11. Nd4 c5 12. dxc6 Nxc6 13. Nc2 Be6 14. Be2 Nd7 15.
Bh6 Bh8 16. f4 b5 17. cxb5 axb5 18. O-O b4 19. Nd5 Nf6 20. f5 Bxd5 21. exd5 Ne5
22. Kh1 Qb6 23. Be3 Qb7 24. Bd4 b3 25. axb3 Qxd5 26. b4 Qb3 27. Qc3 Qxc3 28.
bxc3 Ne4 29. Ne3 e6 30. fxe6 fxe6 31. b5 1/2-1/2

[Event "BL 8081 Frankfurt-Bochum"]
[Site "?"]
[Date "1981.??.??"]
[Round "?.2"]
[White "Schussler, H."]
[Black "Staller, P."]
[Result "1-0"]
[WhiteElo "2445"]
[BlackElo "2355"]
[PlyCount "101"]
[EventDate "1981.??.??"]

1. d4 d5 2. Nf3 Nf6 3. c4 c6 4. cxd5 cxd5 5. Nc3 Nc6 6. Bf4 e6 7. e3 Be7 8. Bd3
O-O 9. Ne5 Bd7 10. O-O Ne8 11. Rc1 Nxe5 12. dxe5 Rc8 13. Qb3 Rb8 14. e4 d4 15.
Ne2 Qa5 16. Nxd4 g5 17. Be3 Qxe5 18. Nf3 Qa5 19. Nxg5 Ba4 20. Qc3 Bb4 21. Qc4
Nd6 22. Qd4 e5 23. Qxa7 Qxa7 24. Bxa7 Rbc8 25. Nf3 f6 26. Bb6 Bb5 27. Bxb5 Nxb5
28. Rfd1 Nd6 29. a3 Nc4 30. Rxc4 Rxc4 31. axb4 Rxe4 32. Nd2 Rg4 33. f3 Rg6 34.
Nc4 Rc8 35. b3 Rg7 36. Kf2 Ra8 37. Rd2 Kf7 38. g4 Kg6 39. Ke3 Rc8 40. Ke4 h5
41. h3 hxg4 42. hxg4 Rh7 43. Rd6 Rf8 44. Bd8 Rhf7 45. Ne3 Kg7 46. Kf5 b5 47.
Nd5 Rb7 48. Bxf6+ Kg8 49. Kg6 e4 50. Ne7+ Rxe7 51. Bxe7 1-0

[Event "BL 8081 Frankfurt-Bochum"]
[Site "?"]
[Date "1981.??.??"]
[Round "?.3"]
[White "Fahnenschmidt, G."]
[Black "Budde, V."]
[Result "1/2-1/2"]
[WhiteElo "2360"]
[BlackElo "2285"]
[PlyCount "67"]
[EventDate "1981.??.??"]

1. c4 e6 2. Nf3 d5 3. d4 Nf6 4. Nc3 Nbd7 5. Bg5 Be7 6. e3 O-O 7. Rc1 c6 8. Bd3
dxc4 9. Bxc4 Nd5 10. Bxe7 Qxe7 11. O-O Nxc3 12. Rxc3 e5 13. Qc2 e4 14. Nd2 Nf6
15. Bb3 Kh8 16. Rc5 Nd7 17. Ra5 f5 18. Rc1 Rf6 19. Qc4 Qe8 20. f3 b6 21. Ra3 b5
22. Qe2 Nb6 23. fxe4 fxe4 24. Bc2 Bf5 25. Rc3 Qg6 26. Bb3 Raf8 27. Rf1 a5 28.
a3 h5 29. Rcc1 a4 30. Ba2 Qe8 31. Qe1 g5 32. Qg3 Qg6 33. Qe5 Nd7 34. Qc7
1/2-1/2

[Event "BL 8081 Frankfurt-Bochum"]
[Site "?"]
[Date "1981.??.??"]
[Round "?.4"]
[White "Bachmann, K."]
[Black "Bialas, W."]
[Result "1/2-1/2"]
[WhiteElo "2265"]
[BlackElo "2365"]
[PlyCount "83"]
[EventDate "1981.??.??"]

1. c4 c5 2. g3 Nf6 3. Bg2 d5 4. cxd5 Nxd5 5. Nc3 Nxc3 6. bxc3 g6 7. Rb1 Nd7 8.
Nf3 Bg7 9. O-O O-O 10. Qc2 c4 11. Rb4 Qc7 12. a4 a5 13. Rb1 e5 14. Ba3 Rd8 15.
Rb5 Bf8 16. Bxf8 Rxf8 17. Qe4 f6 18. Rfb1 Ra6 19. h4 Rd6 20. h5 Kg7 21. R1b2 b6
22. Bh3 Nc5 23. Qh4 Bxh3 24. Qxh3 Nxa4 25. Rb1 Nc5 26. Qg4 Nd7 27. e4 Kf7 28.
Kg2 Rg8 29. hxg6+ hxg6 30. Rh1 Rg7 31. Rh8 Qc6 32. Rb1 Nc5 33. Re1 Nd3 34. Reh1
Qc5 35. Rf1 Re6 36. Nh4 Qc6 37. Nxg6 Re8 38. Rfh1 Nf4+ 39. gxf4 Qxe4+ 40. Kf1
Qd3+ 41. Ke1 Qe4+ 42. Kf1 1/2-1/2

[Event "BL 8081 Frankfurt-Bochum"]
[Site "?"]
[Date "1981.??.??"]
[Round "?.5"]
[White "Haakert, J."]
[Black "Ackermann, H."]
[Result "1-0"]
[WhiteElo "2205"]
[BlackElo "2275"]
[PlyCount "89"]
[EventDate "1981.??.??"]

1. g3 c6 2. Bg2 g6 3. d3 Bg7 4. e4 d6 5. c4 e5 6. Nc3 Ne7 7. Nge2 O-O 8. O-O
Be6 9. b3 d5 10. exd5 cxd5 11. Ba3 Re8 12. Bxe7 Rxe7 13. Nxd5 Rd7 14. Rb1 Nc6
15. b4 Bxd5 16. cxd5 Ne7 17. Nc3 Rc8 18. Qb3 Nf5 19. Ne2 Rdc7 20. Be4 Nd4 21.
Nxd4 exd4 22. Qa4 b6 23. b5 Rc3 24. d6 Qxd6 25. Qxa7 f5 26. Bb7 Rd8 27. Rb3 h5
28. Qa4 Kh7 29. Bc6 Rf8 30. Qa7 Qc5 31. Qd7 Rc2 32. Rbb1 f4 33. Rbe1 Qf5 34.
Qxf5 Rxf5 35. a4 Rc3 36. Re7 fxg3 37. hxg3 Rf6 38. Be4 Ra3 39. Rc1 Kh6 40. Rc6
Rxa4 41. Ree6 Rxe6 42. Rxe6 Kh7 43. Bxg6+ Kg8 44. Bxh5 Ra1+ 45. Kg2 1-0

[Event "BL 8081 Frankfurt-Bochum"]
[Site "?"]
[Date "1981.??.??"]
[Round "?.6"]
[White "Paulsen, D."]
[Black "Zilber, I."]
[Result "1-0"]
[WhiteElo "2240"]
[BlackElo "2430"]
[PlyCount "101"]
[EventDate "1981.??.??"]

1. d4 d5 2. c4 e6 3. Nc3 Be7 4. Nf3 Nf6 5. Bg5 h6 6. Bxf6 Bxf6 7. e3 O-O 8. Qc2
c5 9. O-O-O cxd4 10. exd4 Nc6 11. h4 dxc4 12. Qe4 Qa5 13. Bxc4 Qf5 14. Qxf5
exf5 15. Rhe1 Bd7 16. Ne5 Rad8 17. g3 Bxe5 18. dxe5 Be6 19. Bxe6 fxe6 20. f4
Rxd1+ 21. Rxd1 Rd8 22. Rxd8+ Nxd8 23. Kd2 Kf7 24. Nb5 a6 25. Nd6+ Ke7 26. h5
Kd7 27. Ke3 b6 28. Kf2 Nc6 29. g4 fxg4 30. Kg3 Nb4 31. a3 Nd5 32. Kxg4 Ne3+ 33.
Kf3 Nd5 34. Ke4 Nc7 35. f5 exf5+ 36. Kxf5 Ne6 37. Nc4 b5 38. Nb6+ Ke7 39. Nd5+
Kf7 40. Nb4 a5 41. Nc6 a4 42. Na7 Nc7 43. Nc8 g6+ 44. hxg6+ Kg7 45. Nd6 h5 46.
e6 h4 47. e7 h3 48. e8=Q Nxe8 49. Nxe8+ Kf8 50. Kf6 h2 51. g7+ 1-0

[Event "BL 8081 Hofheim-Porz"]
[Site "?"]
[Date "1981.??.??"]
[Round "?.2"]
[White "Sigurjonsson, G."]
[Black "Huisl, W."]
[Result "1-0"]
[WhiteElo "2435"]
[BlackElo "2350"]
[PlyCount "100"]
[EventDate "1981.??.??"]

1. Nf3 f5 2. g3 Nf6 3. Bg2 d6 4. d4 e6 5. O-O Be7 6. b3 O-O 7. Bb2 a5 8. c4 Na6
9. Nc3 c6 10. a3 Bd7 11. Qc2 b5 12. Nd2 d5 13. e3 Rc8 14. Qd3 Qb6 15. Rab1 Be8
16. Rfc1 Rb8 17. Ne2 g5 18. cxb5 cxb5 19. Nf3 Nd7 20. Qc2 Bh5 21. Qc6 Qxc6 22.
Rxc6 Rb6 23. Rbc1 Rfb8 24. Kf1 Rxc6 25. Rxc6 Rb6 26. Rc8+ Kf7 27. Nc1 Nab8 28.
Nd3 Bxf3 29. Bxf3 g4 30. Be2 b4 31. axb4 axb4 32. Ke1 Rc6 33. Rxc6 Nxc6 34. Kd1
Bd6 35. Bc1 Ke7 36. Bd2 Kd8 37. Ne1 Kc7 38. Bb5 Na7 39. Ba4 Nb8 40. Be8 Kd8 41.
Bh5 Ke7 42. Nd3 Nbc6 43. f3 gxf3 44. Bxf3 Nb5 45. Bh5 Nc7 46. Be1 Ne8 47. Be2
Nc7 48. h3 Kf6 49. g4 fxg4 50. Bxg4 Kg5 {ZÜ?} 1-0

[Event "BL 8081 Hofheim-Porz"]
[Site "?"]
[Date "1981.??.??"]
[Round "?.3"]
[White "Berry, S."]
[Black "Schmidt, B."]
[Result "1/2-1/2"]
[WhiteElo "2245"]
[BlackElo "2375"]
[PlyCount "127"]
[EventDate "1981.??.??"]

1. e4 e6 2. d4 d5 3. Nc3 Bb4 4. e5 c5 5. Qg4 Ne7 6. Nf3 Nbc6 7. a3 Bxc3+ 8.
bxc3 O-O 9. Bd3 f5 10. exf6 Rxf6 11. Bg5 e5 12. Bxh7+ Kxh7 13. Qh5+ Kg8 14.
Bxf6 gxf6 15. dxe5 Qf8 16. O-O Qf7 17. Qxf7+ Kxf7 18. Rfe1 Bf5 19. Re2 Nxe5 20.
Nxe5+ fxe5 21. Rxe5 Bxc2 22. Rae1 Re8 23. R1e2 Bf5 24. f3 Kf6 25. Kf2 Be4 26.
Rxe7 Rxe7 27. fxe4 d4 28. cxd4 cxd4 29. e5+ Rxe5 30. Rd2 Rf5+ 31. Ke2 Ke5 32.
Kd3 Rf1 33. Rb2 Rd1+ 34. Ke2 Ra1 35. Rxb7 Ra2+ 36. Kd1 Rxa3 37. Re7+ Kd5 38.
Kd2 Ra2+ 39. Kd3 Ra3+ 40. Kd2 a5 41. Ra7 a4 42. h4 Rg3 43. Rxa4 Ke4 44. Ra8
Rxg2+ 45. Ke1 Ke3 46. Re8+ Kd3 47. Rd8 Rh2 48. Rd7 Rxh4 49. Rd8 Rh1+ 50. Kf2
Rh2+ 51. Ke1 Rh1+ 52. Kf2 Rb1 53. Rd7 Rc1 54. Rd8 Rd1 55. Ra8 Rc1 56. Rd8 Rc4
57. Ke1 Rb4 58. Rd7 Kc3 59. Rc7+ Kd3 60. Rd7 Rc4 61. Rd8 Kc2 62. Ke2 d3+ 63.
Rxd3 Re4+ 64. Re3 1/2-1/2

[Event "BL 8081 Bochum-Hofheim"]
[Site "?"]
[Date "1981.??.??"]
[Round "?.2"]
[White "Huisl, W."]
[Black "Schussler, H."]
[Result "1/2-1/2"]
[WhiteElo "2350"]
[BlackElo "2445"]
[PlyCount "48"]
[EventDate "1981.??.??"]

1. e4 g6 2. d4 Bg7 3. Nc3 d6 4. f4 Nc6 5. Be3 Nf6 6. Nf3 O-O 7. Qd2 Bg4 8. e5
dxe5 9. fxe5 Nd5 10. O-O-O Nxc3 11. Qxc3 Bxf3 12. gxf3 Qd5 13. Bc4 Qxf3 14. h4
Na5 15. Rhf1 Qc6 16. Bxf7+ Rxf7 17. Qxa5 Qe4 18. Qc3 Raf8 19. Rxf7 Rxf7 20. Bg5
e6 21. Qb3 h6 22. Qxe6 hxg5 23. Rf1 Bf6 24. b4 gxh4 1/2-1/2

[Event "BL 8081 Bochum-Hofheim"]
[Site "?"]
[Date "1981.??.??"]
[Round "?.3"]
[White "Budde, V."]
[Black "Berry, S."]
[Result "1-0"]
[WhiteElo "2285"]
[BlackElo "2245"]
[PlyCount "101"]
[EventDate "1981.??.??"]

1. Nf3 e6 2. c4 b6 3. e4 Bb7 4. Nc3 Bb4 5. Bd3 Ne7 6. a3 Bxc3 7. dxc3 O-O 8.
Qc2 Ng6 9. Bg5 f6 10. Be3 Nc6 11. Nd2 Nce7 12. O-O-O f5 13. f3 Ne5 14. Be2 f4
15. Bf2 N7g6 16. c5 Bc6 17. h4 h5 18. Rdg1 Qe7 19. cxb6 axb6 20. Nc4 Nxc4 21.
Bxc4 Ne5 22. Be2 Rf7 23. g3 fxg3 24. Rxg3 Raf8 25. Rhh3 d6 26. Be3 Qd7 27. Bd4
Rf4 28. b3 Qe7 29. Be3 Rxh4 30. Kb2 Rxh3 31. Rxh3 g6 32. Qd2 Rf7 33. Bg5 Qd7
34. Rg3 Qe8 35. Bf4 Kh7 36. Be3 Rf6 37. Bd4 Qf7 38. Qg5 Bb7 39. Rh3 c5 40. Be3
Nxf3 41. Bxf3 Rxf3 42. Rxf3 Qxf3 43. Qe7+ Kg8 44. Qxe6+ Kh7 45. Qd7+ Kg8 46.
Qd8+ Kh7 47. Qc7+ Kg8 48. Qb8+ Kf7 49. Qxb7+ Kf6 50. Bd2 h4 51. e5+ 1-0

[Event "BL 8081 Porz-Frankfurt"]
[Site "?"]
[Date "1981.??.??"]
[Round "?.1"]
[White "Hort, V."]
[Black "Hess, R."]
[Result "1-0"]
[WhiteElo "2575"]
[BlackElo "2425"]
[PlyCount "84"]
[EventDate "1981.??.??"]

1. d4 Nf6 2. c4 e6 3. Nf3 d5 4. Bg5 h6 5. Bxf6 Qxf6 6. Nc3 c6 7. e3 Nd7 8. cxd5
exd5 9. Bd3 Bd6 10. Qc2 Qe7 11. O-O-O Nf6 12. h3 Bd7 13. Kb1 O-O-O 14. Nb5 Bb8
15. Nd2 Rhe8 16. Rc1 Ne4 17. Nxe4 dxe4 18. Bc4 Qb4 19. a3 Qa5 20. b4 Qb6 21.
Nc3 Re7 22. Rhd1 f5 23. Na4 Qc7 24. Nc5 Rf8 25. Qb3 Rf6 26. d5 Qe5 27. b5 Be8
28. bxc6 b6 29. Ba6+ Kc7 30. Nd7 Rxd7 31. cxd7+ Kxd7 32. Bb5+ Kd8 33. a4 Bd6
34. Bxe8 Qxe8 35. Rc6 Qe5 36. g3 g5 37. Qc4 f4 38. Rd4 fxg3 39. Rc8+ Ke7 40.
Rxe4 g2 41. Rxe5+ Bxe5 42. Qg4 Bg3 1-0

[Event "BL 8081 Porz-Frankfurt"]
[Site "?"]
[Date "1981.??.??"]
[Round "?.2"]
[White "Staller, P."]
[Black "Sigurjonsson, G."]
[Result "1/2-1/2"]
[WhiteElo "2355"]
[BlackElo "2435"]
[PlyCount "42"]
[EventDate "1981.??.??"]

1. Nf3 Nf6 2. g3 d5 3. Bg2 c6 4. O-O Bg4 5. d3 Nbd7 6. Nbd2 e6 7. e4 Be7 8. Qe2
O-O 9. Re1 Qb6 10. e5 Ne8 11. Nf1 Nc7 12. h4 Bxf3 13. Bxf3 f6 14. exf6 Bxf6 15.
Ne3 Rae8 16. Ng4 e5 17. Be3 Qa6 18. Bg2 Be7 19. Bh3 Kh8 20. Nh6 Nf6 21. Nf5 Rf7
1/2-1/2

[Event "BL 8081 Porz-Frankfurt"]
[Site "?"]
[Date "1981.??.??"]
[Round "?.3"]
[White "Schmidt, B."]
[Black "Fahnenschmidt, G."]
[Result "1-0"]
[WhiteElo "2375"]
[BlackElo "2360"]
[PlyCount "73"]
[EventDate "1981.??.??"]

1. d4 Nf6 2. Nf3 c5 3. d5 d6 4. c4 g6 5. Nc3 Bg7 6. e4 O-O 7. Be2 e6 8. O-O
exd5 9. cxd5 Bg4 10. h3 Bxf3 11. Bxf3 a6 12. a4 Nbd7 13. a5 Qc7 14. Re1 Rfe8
15. Qc2 Re7 16. Bg5 h6 17. Bd2 Rae8 18. Ra4 Nf8 19. Be2 N6d7 20. Bf1 Nf6 21.
Be2 N8d7 22. b3 b5 23. axb6 Nxb6 24. Rxa6 Qb7 25. f3 Nfxd5 26. Nxd5 Nxd5 27.
Rxd6 Bd4+ 28. Kh1 Nf6 29. Bc3 Nxe4 30. fxe4 Rxe4 31. Bxd4 cxd4 32. Qc4 Qe7 33.
Rxg6+ Kf8 34. Rxh6 Kg7 35. Rh5 Rxe2 36. Qxd4+ Kg6 37. Qg4+ 1-0